000 00747nam a2200241Ia 4500
003 OSt
005 20220926022745.0
006 a|||||r|||| 00| 0
007 ta
008 220923b |||||||| |||| 00| 0 eng d
037 _cGeneral Book
040 _aRTL
_cRTL
_beng
041 _2eng
_aeng
082 _aY:3217.73.N7, L0
100 _aVeroff Joseph
_9247376
245 0 _aMarriage and work in America
_b A study of motives and roles
260 _aNew York
_bVan Nostrand Reinhold Co.
_c1970
300 _ax,404p
_ccm.
500 _aBibliography P 344-352; Appendix P 353-391
700 _a Feld Sheila
_9328210
942 _hY:3217.73.N7, L0
_cGB
_2CC
999 _c640212
_d640212